Calculus :early transcendentals. (Record no. 2992)

000 -LEADER
fixed length control field 01027cam a2200313 a 4500
001 - CONTROL NUMBER
control field 13911459
003 - CONTROL NUMBER IDENTIFIER
control field OSt
005 - DATE AND TIME OF LATEST TRANSACTION
control field 20160829130701.0
008 - FIXED-LENGTH DATA ELEMENTS--GENERAL INFORMATION
fixed length control field 050325s2005 njua 001 0 eng
010 ## - LIBRARY OF CONGRESS CONTROL NUMBER
LC control number 2005273708
020 ## - INTERNATIONAL STANDARD BOOK NUMBER
International Standard Book Number 0471472441 (alk. paper)
035 ## - SYSTEM CONTROL NUMBER
System control number (OCoLC)ocm57591668
040 ## - CATALOGING SOURCE
Original cataloging agency VTU
Transcribing agency VTU
Modifying agency DLC
042 ## - AUTHENTICATION CODE
Authentication code lccopycat
050 00 - LIBRARY OF CONGRESS CALL NUMBER
Classification number QA303.2.A572 2005
082 00 - DEWEY DECIMAL CLASSIFICATION NUMBER
Classification number 515
Edition number 22
100 1# - MAIN ENTRY--PERSONAL NAME
Personal name Anton, Howard.
245 10 - TITLE STATEMENT
Title Calculus :early transcendentals.
Statement of responsibility, etc Howard Anton, Irl Bivens & Stephen Davis
250 ## - EDITION STATEMENT
Edition statement 8th ed. /
Remainder of edition statement Howard Anton, Irl Bivens, Stephen Davis.
260 ## - PUBLICATION, DISTRIBUTION, ETC. (IMPRINT)
Place of publication, distribution, etc Hoboken, NJ :
Name of publisher, distributor, etc John Wiley & Sons,
Date of publication, distribution, etc c2005.
300 ## - PHYSICAL DESCRIPTION
Extent 1 v. (various pagings) :
Other physical details ill. (some col.) ;
Dimensions 27 cm.
500 ## - GENERAL NOTE
General note Includes index.
650 #0 - SUBJECT ADDED ENTRY--TOPICAL TERM
Topical term or geographic name as entry element Calculus
Form subdivision Textbooks.
700 1# - ADDED ENTRY--PERSONAL NAME
Personal name Bivens, Irl.
700 1# - ADDED ENTRY--PERSONAL NAME
Personal name Davis, Stephen,
Dates associated with a name 1952-
906 ## - LOCAL DATA ELEMENT F, LDF (RLIN)
a 7
b cbc
c copycat
d 3
e ncip
f 20
g y-gencatlg
942 ## - ADDED ENTRY ELEMENTS (KOHA)
Source of classification or shelving scheme
Koha item type Book
Holdings
Withdrawn status Lost status Source of classification or shelving scheme Damaged status Not for loan Home library Current library Shelving location Date acquired Total Checkouts Full call number Barcode Date last seen Copy number Price effective from Koha item type
          Riara University Library Riara University Library General stack 29/08/2016   QA303.2.A572 2005 8322/16 29/08/2016 C.1 29/08/2016 Book

Riara University Library,
P.O. Box 49940-00100,
Nairobi, Kenya.